Géneros y clásicos /
Definición del concepto de género, haciendo hincapié en la definición de "clásico". Se abordan distintos ejemplos y se explica por qué algunos textos trascienden su tiempo y se convierten en clásicos.
Guardado en:
| Autor Principal: | |
|---|---|
| Autor Corporativo: | |
| Formato: | |
| Publicado: |
Argentina,
|
| Series: | Horizontes. Lengua
|
| Materias: | |
| Etiquetas: |
Agregar Etiqueta
Sin Etiquetas, Sea el primero en etiquetar este registro!
|
| LEADER | 01011ngm a22002775g 4500 | ||
|---|---|---|---|
| 001 | CEM.cems023705 | ||
| 008 | 130507b200-##################0###0#####d | ||
| 005 | 20250624185522.0 | ||
| 245 | 1 | 0 | |a Géneros y clásicos / |c Marcelo Sauvignone. |
| 260 | |a Argentina, | ||
| 300 | |a 30'. | ||
| 490 | 0 | |a Horizontes. Lengua | |
| 538 | |a Soporte: DVD - Color: Si - Grabación DRD | ||
| 500 | |a Consultar en ventanilla. | ||
| 520 | |a Definición del concepto de género, haciendo hincapié en la definición de "clásico". Se abordan distintos ejemplos y se explica por qué algunos textos trascienden su tiempo y se convierten en clásicos. | ||
| 100 | 1 | |a Sauvignone, Marcelo | |
| 710 | 2 | |a Canal Encuentro. | |
| 082 | 4 | 0 | |/ SAU-1 |
| 653 | |a LITERATURA | ||
| 653 | |a LENGUA | ||
| 653 | |a LENGUA Y LITERATURA | ||
| 653 | |a GENEROS LITERARIOS | ||
| 653 | |a GENEROS CLASICOS | ||
| 653 | |a LITERATURA CLASICA | ||
| 653 | |a SERIE DE TELEVISIÓN | ||
| 859 | |a CEMS |b BIB. CEMS - Depto. Recursos Didacticos |h 401 |i SAU-1 |k DRD |p 2348.15 |t Ej.1 | ||
